[Event "Top 16 Groupe A"]
[Site "CHARTRES, France"]
[Date "2024.05.30"]
[Round "1.2"]
[White "Ganguly, Surya Shekhar"]
[Black "Movsesian, Sergei"]
[Result "1-0"]
[WhiteElo "2575"]
[BlackElo "2618"]
[PlyCount "57"]
[EventDate "2024.??.??"]

1. e4 {48} c6 {13} 2. Nf3 {36} d5 {14} 3. Nc3 {16} dxe4 {34} 4. Nxe4 {7} Nf6 {4
} 5. Qe2 {16} Nxe4 {34} 6. Qxe4 {6} Nd7 {28} 7. c3 {18} Nf6 {228} 8. Qc2 {7} e6
{144} 9. d4 {137} Be7 {263} 10. Bd3 {73} O-O {75} 11. Bg5 {189} h6 {195} 12. h4
{24} b5 {275} 13. O-O-O {386} Bb7 {287} 14. Rh3 {396} Qd5 {427} 15. Bxf6 {449}
Bxf6 {172} 16. g4 {12} g6 {208} 17. g5 {503} hxg5 {92} 18. hxg5 {234} Bg7 {180}
19. Be4 {714} Qd6 {422} 20. Rdh1 {125} Rfd8 {858} 21. Kb1 {273} Kf8 {489} 22.
Rh7 {50} Qc7 {367} 23. Bxg6 {336} fxg6 {234} 24. Ne5 {31} c5 {34} 25. R1h4 {70}
cxd4 {149} 26. Rf4+ {63} Kg8 {6} 27. Qxg6 {9} Qxe5 {108} 28. Qf7+ {6} Kxh7 {4}
29. Rh4# {4} 1-0

[Event "Top 16 Groupe A"]
[Site "CHARTRES, France"]
[Date "2024.05.30"]
[Round "1.3"]
[White "Esipenko, Andrey"]
[Black "Postny, Evgeny"]
[Result "1/2-1/2"]
[WhiteElo "2703"]
[BlackElo "2600"]
[PlyCount "69"]
[EventDate "2024.??.??"]

1. e4 {17} e5 {6} 2. Nf3 {17} Nc6 {6} 3. Bb5 {13} Nf6 {7} 4. d3 {11} Bc5 {15}
5. c3 {34} O-O {26} 6. O-O {14} d5 {23} 7. Nbd2 {23} Re8 {101} 8. exd5 {898} a6
{58} 9. Bc4 {318} Nxd5 {213} 10. Ne4 {33} Be7 {699} 11. Re1 {129} h6 {534} 12.
a4 {127} Be6 {278} 13. b4 {267} Bf8 {465} 14. Bd2 {157} Nf6 {351} 15. Qe2 {545}
Bxc4 {540} 16. dxc4 {22} Nxe4 {290} 17. Qxe4 {2} Qc8 {26} 18. a5 {698} f5 {531}
19. Qd5+ {89} Qe6 {6} 20. Qxe6+ {1150} Rxe6 {159} 21. b5 {316} axb5 {37} 22.
cxb5 {5} Nxa5 {6} 23. Bf4 {46} Bd6 {1084} 24. Bxe5 {169} Bxe5 {26} 25. Rxe5 {16
} Rxe5 {29} 26. Nxe5 {5} Rd8 {12} 27. h4 {231} Nb3 {195} 28. Ra4 {171} Nc5 {92}
29. Rf4 {92} Ne4 {174} 30. c4 {117} Nd6 {107} 31. Rd4 {83} Nf7 {41} 32. Nd7 {
202} Nd6 {113} 33. Ne5 {112} Nf7 {5} 34. Nd7 {191} Nd6 {5} 35. Ne5 {74} 1/2-1/2

[Event "Top 16 Groupe A"]
[Site "CHARTRES, France"]
[Date "2024.05.30"]
[Round "1.5"]
[White "Moussard, Jules"]
[Black "Barseghyan, Harutyun"]
[Result "1/2-1/2"]
[WhiteElo "2610"]
[BlackElo "2430"]
[PlyCount "136"]
[EventDate "2024.??.??"]

1. e4 {80} c6 {9} 2. d4 {7} d5 {5} 3. e5 {5} Bf5 {30} 4. Nd2 {13} e6 {109} 5.
Nb3 {7} Nd7 {354} 6. Nf3 {43} a6 {164} 7. Be3 {200} Rc8 {170} 8. c3 {514} c5 {
290} 9. Be2 {718} c4 {819} 10. Nbd2 {52} f6 {145} 11. O-O {286} Bg6 {124} 12.
b3 {299} cxb3 {185} 13. Qxb3 {427} Qb6 {19} 14. c4 {24} Qxb3 {6} 15. axb3 {8}
Ne7 {160} 16. Rfc1 {287} Nc6 {531} 17. cxd5 {475} exd5 {22} 18. exf6 {377} gxf6
{252} 19. Nh4 {40} Bd6 {1201} 20. Bg4 {106} Ne7 {38} 21. Nf1 {731} Rxc1 {134}
22. Rxc1 {78} Nf8 {143} 23. Ng3 {105} Kf7 {98} 24. Ngf5 {516} Nxf5 {20} 25.
Nxf5 {3} Bxf5 {9} 26. Bxf5 {2} Ne6 {13} 27. h4 {103} h5 {55} 28. g3 {38} Bb8 {
116} 29. Kf1 {20} Re8 {73} 30. Bh3 {65} Ba7 {44} 31. Bg2 {76} Rd8 {19} 32. Rd1
{29} Kg6 {73} 33. Ke2 {113} Ng7 {178} 34. Rc1 {133} Bb6 {17} 35. Kd3 {3} Nf5 {7
} 36. Bf3 {35} Nxe3 {266} 37. Kxe3 {160} Rd6 {596} 38. Rc8 {305} Bd8 {6} 39.
Rc5 {70} b6 {64} 40. Rxd5 {36} Rxd5 {7} 41. Bxd5 {7} f5 {26} 42. Bb7 {31} a5 {7
} 43. Bc6 {3} Kf7 {1008} 44. Kf4 {161} Bf6 {7} 45. d5 {31} Bd4 {5} 46. Kxf5 {
801} Bxf2 {12} 47. g4 {52} hxg4 {41} 48. Kxg4 {4} Ke7 {72} 49. h5 {298} Be3 {36
} 50. Kf5 {67} Bd4 {93} 51. Kg6 {28} Be5 {58} 52. h6 {16} Bd4 {32} 53. Kh7 {39}
Kd6 {159} 54. Kg8 {14} Kc5 {18} 55. h7 {90} Be5 {273} 56. h8=Q {36} Bxh8 {13}
57. Kxh8 {3} b5 {10} 58. Be8 {130} a4 {19} 59. b4+ {393} Kxd5 {28} 60. Bxb5 {3}
a3 {12} 61. Be8 {8} Kc4 {27} 62. b5 {8} Kc5 {17} 63. Bf7 {6} Kxb5 {5} 64. Kg8 {
2} Kb4 {7} 65. Kg7 {3} Kc3 {4} 66. Kh8 {3} Kb2 {4} 67. Kg7 {2} a2 {5} 68. Bxa2
{1} Kxa2 {6} 1/2-1/2

[Event "Top 16 Groupe A"]
[Site "CHARTRES, France"]
[Date "2024.05.30"]
[Round "1.7"]
[White "Degraeve, Jean-Marc"]
[Black "Migot, Tangi"]
[Result "1-0"]
[WhiteElo "2460"]
[BlackElo "2326"]
[PlyCount "65"]
[EventDate "2024.??.??"]

1. e4 {4} c5 {9} 2. Nf3 {17} e6 {48} 3. c3 {44} d5 {59} 4. exd5 {55} Qxd5 {65}
5. d4 {20} Nf6 {32} 6. Na3 {93} Nc6 {117} 7. Be3 {101} Ng4 {106} 8. Nc4 {650}
b5 {883} 9. Nce5 {142} Ngxe5 {1276} 10. dxe5 {191} Rb8 {413} 11. a4 {686} Qxd1+
{203} 12. Kxd1 {76} bxa4 {279} 13. Kc1 {39} Bd7 {44} 14. Rxa4 {12} Nxe5 {296}
15. Rxa7 {8} Nc6 {12} 16. Ra6 {97} Bd6 {153} 17. Nd2 {150} Ke7 {1192} 18. Ne4 {
70} Ra8 {70} 19. Bxc5 {65} Bxc5 {9} 20. Nxc5 {4} Ne5 {125} 21. f4 {245} Ng4 {98
} 22. Be2 {16} Rxa6 {70} 23. Nxa6 {11} Ne3 {159} 24. Bf3 {174} Bb5 25. Nc5 {193
} Rd8 {134} 26. Re1 {170} Nf1 {46} 27. h3 {109} Nd2 {59} 28. Be2 {95} Nc4 {129}
29. b3 {126} Nd6 {5} 30. Bxb5 {30} Nxb5 {5} 31. c4 {54} Nd4 {66} 32. Kb2 {35}
Nc6 {47} 33. Kc3 {7} 1-0

[Event "Top 16 Groupe A"]
[Site "CHARTRES, France"]
[Date "2024.05.30"]
[Round "1.9"]
[White "Alonso Rosell, Alvar"]
[Black "Pichot, Alan"]
[Result "0-1"]
[WhiteElo "2556"]
[BlackElo "2635"]
[PlyCount "56"]
[EventDate "2024.??.??"]

1. e4 {2} c5 {81} 2. Nf3 {6} e6 {106} 3. d3 {7} Nc6 {38} 4. g3 {7} d5 {214} 5.
Qe2 {2} Nf6 {110} 6. Bg2 {67} Be7 {63} 7. O-O {13} b5 {206} 8. exd5 {8} exd5 {
457} 9. d4 {24} c4 {292} 10. Be3 {11} O-O {333} 11. Ne5 {643} Bb7 {385} 12. Nc3
{539} b4 {293} 13. Na4 {39} Qc7 {407} 14. Ng4 {1692} Ne4 {423} 15. f3 {2007}
Nd6 {560} 16. c3 {258} Qa5 {839} 17. Nc5 {227} bxc3 {229} 18. f4 {161} cxb2 {
638} 19. Nxb7 {104} Nxb7 {37} 20. Qxb2 {5} Nd6 {71} 21. Bd2 {40} Qc7 {164} 22.
Bxd5 {54} Rab8 {3} 23. Qc3 {49} Nb4 {8} 24. Bf3 {84} Nb5 {22} 25. Qc1 {96} Nxd4
{54} 26. Bd1 {31} Nd3 {79} 27. Qc3 {20} Bb4 {22} 28. Qxd4 {20} Bc5 {11} 0-1

[Event "Top 16 Groupe A"]
[Site "CHARTRES, France"]
[Date "2024.05.30"]
[Round "1.10"]
[White "Ter-Sahakyan, Samvel"]
[Black "Solakian-Van Eyll, Jerome"]
[Result "1/2-1/2"]
[WhiteElo "2650"]
[BlackElo "2247"]
[PlyCount "109"]
[EventDate "2024.??.??"]

1. d4 {14} d5 {82} 2. c4 {25} dxc4 {62} 3. Nf3 {93} Nf6 {25} 4. Qa4+ {164} Nbd7
{568} 5. Qxc4 {607} e6 {209} 6. g3 {50} a6 {966} 7. Bg5 {720} b5 {405} 8. Qc6 {
257} Rb8 {451} 9. Bxf6 {56} Qxf6 {1321} 10. Qxc7 {659} Bb4+ {291} 11. Nc3 {152}
Bb7 {568} 12. Bg2 {185} O-O {165} 13. O-O {660} Nb6 {16} 14. a3 {660} Rfc8 {481
} 15. Qxb6 {219} Bxf3 {6} 16. Qxa6 {85} Bxc3 {8} 17. bxc3 {235} Bxe2 {4} 18.
Rfe1 {166} Bf3 {36} 19. Re3 {88} Bxg2 {3} 20. Kxg2 {4} Qf5 {42} 21. Qd6 {219}
Qc2 {65} 22. Rae1 {75} Qb3 {42} 23. Qb4 {159} Qd5+ {53} 24. Kg1 {155} Rc4 {4}
25. Qb3 {90} Qc6 {123} 26. Rd3 {144} g6 {44} 27. Re5 {66} Rc8 {66} 28. Qxb5 {
123} Qxb5 {31} 29. Rxb5 {3} Rxc3 {5} 30. Rb3 {5} Rxb3 {62} 31. Rxb3 {3} Rc2 {24
} 32. Kg2 {106} Rd2 {4} 33. Kf3 {40} Rxd4 {86} 34. Ke3 {5} Rd1 {8} 35. Rd3 {23}
Ra1 {10} 36. Kd4 {67} Ra2 {25} 37. Rf3 {68} f5 {27} 38. Kc4 {17} e5 {55} 39.
Kb3 {3} Rd2 {56} 40. a4 {122} e4 {11} 41. Rc3 {338} Rxf2 42. a5 {1635} Rd2 {133
} 43. a6 {544} Rd7 44. Kc4 {137} Kf7 {72} 45. Ra3 {125} Ra7 {70} 46. Kb5 {157}
Ke6 {49} 47. Kb6 {162} Ra8 {16} 48. Kb7 {268} Re8 49. a7 {408} Kd5 {53} 50. Rc3
{66} Kd4 {32} 51. Rc8 {52} Re7+ {5} 52. Rc7 {14} Re8 {10} 53. Rc8 {83} Re7+ {5}
54. Rc7 {2} Re8 {7} 55. Rc8 {7} 1/2-1/2

[Event "Top 16 Groupe A"]
[Site "CHARTRES, France"]
[Date "2024.05.30"]
[Round "1.13"]
[White "De Balmann, Marc"]
[Black "Fedorchuk, Sergey A"]
[Result "0-1"]
[WhiteElo "2148"]
[BlackElo "2546"]
[PlyCount "120"]
[EventDate "2024.??.??"]

1. Nf3 {2} Nf6 {16} 2. g3 {7} b5 {62} 3. Bg2 {32} Bb7 {10} 4. O-O {21} e6 {192}
5. d3 {120} Be7 {199} 6. e4 {163} d6 {31} 7. Qe2 {302} O-O {76} 8. Nbd2 {17} c5
{291} 9. Re1 {466} Nc6 {70} 10. c3 {121} Qb6 {566} 11. Nf1 {450} a5 {170} 12.
a4 {275} bxa4 {58} 13. Ne3 {156} Qb5 {872} 14. Bf1 {877} Nd7 {719} 15. Nd2 {297
} Ba6 {450} 16. f4 {478} Rfe8 {102} 17. Qd1 {245} Qb8 {359} 18. Rxa4 {393} Nb6
{24} 19. Ra2 {34} d5 {62} 20. Qf3 {410} Bf8 {196} 21. Kf2 {76} Rd8 {136} 22.
exd5 {139} exd5 {38} 23. Ng4 {32} Bb7 {87} 24. Bg2 {112} Ra7 {9} 25. Qd1 {58}
Bc8 {213} 26. Ne5 {56} Nxe5 {108} 27. Rxe5 {2} Be6 {43} 28. Nf3 {141} Nd7 {195}
29. Re1 {40} h6 {17} 30. Ne5 {111} Qd6 {169} 31. Qf3 {80} Nxe5 {138} 32. Rxe5 {
2} Be7 {16} 33. Re1 {72} Qb6 {160} 34. Re2 {197} Bc8 {220} 35. Re5 {151} Bf6 {
108} 36. Re1 {13} Bb7 {25} 37. Qd1 {24} Bc6 {15} 38. Bd2 {139} a4 {19} 39. Qc2
{78} Rb8 {74} 40. Bf3 {68} Rab7 {140} 41. Re2 {270} Qc7 {421} 42. Kg2 {127} Rb3
{125} 43. Be1 {98} Qb7 {69} 44. Kg1 {103} Qd7 {435} 45. Bf2 {210} Qd6 {10} 46.
Qc1 {204} Bxc3 {756} 47. Rc2 {479} a3 {114} 48. Rxa3 {72} Bxb2 {29} 49. Rxb3 {
146} Bxc1 {28} 50. Rxb8+ {4} Qxb8 {8} 51. Rxc1 {4} Qb5 {80} 52. Rxc5 {23} Qxd3
{7} 53. Kg2 {78} Bb5 {38} 54. g4 {111} Bc4 {91} 55. Rc8+ {6} Kh7 {2} 56. Rd8 {
14} Qc3 {130} 57. Rd7 {45} Bf1+ {41} 58. Kxf1 {29} Qxf3 {4} 59. Rxf7 {55} Qd1+
{9} 60. Be1 {16} d4 {207} 0-1

[Event "Top 16 Groupe A"]
[Site "Chartres, France"]
[Date "2024.05.30"]
[Round "1.17"]
[White "Amin, Bassem"]
[Black "Malassagne, Raphael"]
[Result "1-0"]
[WhiteElo "2682"]
[BlackElo "2259"]
[PlyCount "59"]
[EventDate "2024.??.??"]

1. e4 {57} d5 {22} 2. exd5 {12} Qxd5 {6} 3. Nc3 {7} Qa5 {14} 4. d4 {22} Nf6 {10
} 5. Nf3 {7} Bf5 {21} 6. Bc4 {103} e6 {106} 7. Bd2 {38} Bb4 {28} 8. a3 {887}
Bxc3 {119} 9. Bxc3 {33} Qb6 {12} 10. O-O {84} O-O {732} 11. Bb4 {510} Re8 {44}
12. Bc5 {1307} Qxb2 {39} 13. Bb3 {535} Nc6 {1094} 14. Ba4 {461} Qc3 {929} 15.
Rb1 {320} Qa5 {324} 16. Bxc6 {24} bxc6 {4} 17. Ne5 {10} Qa4 {249} 18. Rb7 {599}
Bxc2 {211} 19. Qf3 {35} Be4 {669} 20. Qf4 {9} Rec8 {658} 21. Be7 {176} Bg6 {288
} 22. Bxf6 {53} gxf6 {1} 23. Nd7 {105} Qxa3 {71} 24. Nxf6+ {46} Kf8 {130} 25.
Qh6+ {277} Ke7 {4} 26. Qg5 {7} Kf8 {78} 27. h4 {14} h5 {51} 28. g4 {67} Qf3 {
185} 29. gxh5 {131} Kg7 {86} 30. Ng4 {252} 1-0

[Event "Top 16 Groupe A"]
[Site "Chartres, France"]
[Date "2024.05.30"]
[Round "1.21"]
[White "Hamdouchi, Hicham"]
[Black "Saya, Ethan"]
[Result "1-0"]
[WhiteElo "2527"]
[BlackElo "2231"]
[PlyCount "83"]
[EventDate "2024.??.??"]

1. e4 {2} e6 {10} 2. d3 {7} c5 {223} 3. Nf3 {34} Nc6 {20} 4. g3 {48} Nge7 {38}
5. Bg2 {246} g6 {25} 6. d4 {102} Bg7 {359} 7. d5 {140} Nd4 {73} 8. Nfd2 {256}
exd5 {191} 9. exd5 {49} O-O {52} 10. c3 {56} Nb5 {267} 11. Ne4 {401} d6 {60}
12. Bf4 {155} Bf5 {418} 13. O-O {80} a6 {397} 14. a4 {393} Bxe4 {37} 15. Bxe4 {
7} Na7 {21} 16. Nd2 {134} b6 {260} 17. Nc4 {292} Nac8 {21} 18. h4 {67} Rb8 {265
} 19. Re1 {685} Qc7 {173} 20. h5 {241} b5 {124} 21. axb5 {14} axb5 {5} 22. Ne3
{127} Nb6 {181} 23. hxg6 {209} hxg6 {129} 24. Bf3 {33} Na4 {645} 25. Qd2 {161}
Rbe8 {608} 26. Be2 {318} Qd7 {130} 27. Bg4 {261} Qc7 {292} 28. Nc4 {212} Nc8 {
120} 29. Bxc8 {208} Rxe1+ {56} 30. Qxe1 {64} bxc4 {8} 31. Rxa4 {26} Rxc8 {10}
32. Rxc4 {68} Qb6 {119} 33. Qe2 {216} Ra8 {429} 34. Re4 {108} Kh7 {160} 35. Re7
{239} Ra1+ {23} 36. Kh2 {133} Qb3 {99} 37. Qf3 {118} Rd1 {194} 38. Rxf7 {346}
Rxd5 {46} 39. g4 {107} Qc4 {286} 40. Rd7 {207} Rd3 {38} 41. Be3 {40} Qd5 {535}
42. Qf6 {102} 1-0

[Event "Top 16 Groupe A"]
[Site "Chartres, France"]
[Date "2024.05.30"]
[Round "1.25"]
[White "Karthik Venkataraman"]
[Black "Albornoz Cabrera, Carlos Daniel"]
[Result "1/2-1/2"]
[WhiteElo "2605"]
[BlackElo "2610"]
[PlyCount "45"]
[EventDate "2024.??.??"]

1. e4 {3} c5 {18} 2. Nf3 {6} d6 {3} 3. d4 {7} cxd4 {4} 4. Nxd4 {5} Nf6 {4} 5.
Nc3 {7} a6 {3} 6. Bg5 {7} e6 {4} 7. f4 {26} h6 {8} 8. Bxf6 {5} Qxf6 {19} 9. Qd2
{9} Nc6 {205} 10. Nxc6 {12} bxc6 {4} 11. O-O-O {6} Qd8 {214} 12. Bc4 {27} Be7 {
124} 13. Bb3 {74} O-O {559} 14. h4 {127} d5 {208} 15. Qe1 {1917} Qc7 {913} 16.
Rf1 {33} Bb7 {338} 17. g4 {527} Rad8 {333} 18. g5 {250} h5 {148} 19. f5 {402}
g6 {223} 20. fxe6 {1069} fxe6 {4} 21. exd5 {4} exd5 {50} 22. Qe6+ {334} Kg7 {18
} 23. Ne2 {4} 1/2-1/2

[Event "Top 16 Groupe A"]
[Site "Chartres, France"]
[Date "2024.05.30"]
[Round "1.26"]
[White "Sankalp Gupta"]
[Black "Lupulescu, Constantin"]
[Result "1/2-1/2"]
[WhiteElo "2531"]
[BlackElo "2588"]
[PlyCount "55"]
[EventDate "2024.??.??"]

1. Nf3 {110} d5 2. c4 {26} e6 {32} 3. g3 {2} d4 {137} 4. Bg2 {141} c5 {25} 5.
O-O {8} Ne7 {72} 6. e3 {310} Nec6 {25} 7. exd4 {181} cxd4 {11} 8. d3 {2} Be7 {
46} 9. Re1 {183} O-O {53} 10. Na3 {30} f6 {432} 11. Nc2 {383} a5 {117} 12. Rb1
{325} Na6 {136} 13. b3 {626} e5 {166} 14. a3 {48} Rb8 {455} 15. Nh4 {663} g5 {
335} 16. Nf3 {906} Bf5 {196} 17. Nd2 {29} Bxd3 {658} 18. Ne4 {16} Bxc2 {160}
19. Qxc2 {2} f5 {17} 20. Nd2 {44} e4 {455} 21. g4 {229} Bc5 {729} 22. gxf5 {395
} d3 {68} 23. Qd1 {6} Bxf2+ {69} 24. Kxf2 {6} Qd4+ {20} 25. Kg3 {7} Qd6+ {707}
26. Kf2 {4} Qd4+ {446} 27. Kg3 {1} Qd6+ {33} 28. Kf2 {2} 1/2-1/2

[Event "Top 16 Groupe A"]
[Site "Chartres, France"]
[Date "2024.05.30"]
[Round "1.27"]
[White "Demuth, Adrien"]
[Black "Laurent-Paoli, Pierre"]
[Result "1/2-1/2"]
[WhiteElo "2506"]
[BlackElo "2576"]
[PlyCount "104"]
[EventDate "2024.??.??"]

1. Nf3 {2} d5 {83} 2. g3 {12} Nf6 {20} 3. Bg2 {6} e6 {7} 4. O-O {30} Be7 {38}
5. c4 {40} O-O {11} 6. b3 {35} d4 {22} 7. e3 {119} c5 {58} 8. exd4 {188} cxd4 {
15} 9. Bb2 {12} Nc6 {34} 10. Re1 {4} Bc5 {159} 11. d3 {319} a5 {90} 12. Nbd2 {
1250} Re8 {129} 13. Ne5 {145} Nxe5 {6} 14. Rxe5 {4} Nd7 {26} 15. Re1 {421} e5 {
16} 16. a3 {1186} Ra7 {398} 17. Ne4 {397} b6 {10} 18. Bc1 {370} Bb7 {533} 19.
g4 {20} Bf8 {464} 20. Ra2 {250} Nc5 {811} 21. Rae2 {124} Ne6 {4} 22. h3 {392}
Qd7 {310} 23. a4 {227} Bb4 {289} 24. Rf1 {4} Raa8 {30} 25. f4 {190} exf4 {158}
26. Bxf4 {4} Nc5 {398} 27. Nxc5 {253} bxc5 {7} 28. Bxb7 {33} Qxb7 {25} 29.
Rxe8+ {20} Rxe8 {5} 30. Qf3 {3} Qxf3 {55} 31. Rxf3 {2} f6 {256} 32. Kg2 {50}
Kf7 {201} 33. Rf1 {162} Re2+ {57} 34. Rf2 {8} Re6 {7} 35. Rf1 {120} Bc3 {288}
36. h4 {21} Kg6 {144} 37. h5+ {61} Kf7 {49} 38. g5 {42} Rb6 {61} 39. gxf6 {27}
gxf6 {77} 40. Bg5 {55} Kg7 {472} 41. Bh4 {159} Bd2 {224} 42. Rf5 {146} Bb4 {
1308} 43. Kf3 {297} Re6 {7} 44. Kg4 {76} Kf7 {201} 45. Rd5 {493} Ke7 {330} 46.
Kf5 {64} Ba3 {86} 47. h6 {124} Bb4 {151} 48. Bg3 {228} Rc6 {27} 49. Bf4 {171}
Bc3 {4} 50. Bc1 {43} Bb4 {9} 51. Bf4 {3} Bc3 {3} 52. Bc1 {83} Bb4 {96} 1/2-1/2

[Event "Top 16 Groupe A"]
[Site "Chartres, France"]
[Date "2024.05.30"]
[Round "1.28"]
[White "Girel, Joseph"]
[Black "Parligras, Mircea-Emilian"]
[Result "1/2-1/2"]
[WhiteElo "2474"]
[BlackElo "2560"]
[PlyCount "61"]
[EventDate "2024.??.??"]

1. d4 {16} Nf6 {11} 2. c4 {14} e6 {7} 3. Nf3 {29} d5 {9} 4. g3 {45} Bb4+ {29}
5. Nbd2 {29} dxc4 {89} 6. a3 {27} Bxd2+ {71} 7. Bxd2 {7} Bd7 {658} 8. e3 {57}
Bb5 {166} 9. a4 {11} Ba6 {93} 10. Qc2 {18} Qd5 {344} 11. Bg2 {14} Qf5 {707} 12.
Qxf5 {153} exf5 {7} 13. Rc1 {49} Nbd7 {408} 14. Bf1 {406} Nb6 {593} 15. a5 {569
} Nbd5 {6} 16. Ne5 {37} Ne4 {520} 17. Bxc4 {886} Bxc4 {7} 18. Rxc4 {3} f6 {253}
19. Nd3 {42} O-O-O {437} 20. f3 {76} Nxd2 {157} 21. Kxd2 {3} Rhe8 {17} 22. Re1
{33} Rd6 {188} 23. e4 {740} fxe4 {25} 24. fxe4 {9} Ne7 {4} 25. Rec1 {352} Kb8 {
291} 26. b4 {228} c6 {362} 27. Rf1 {391} Red8 {465} 28. Ke3 {102} b5 {56} 29.
axb6 {11} axb6 {4} 30. Nf4 {1058} b5 {13} 31. Rc3 {101} 1/2-1/2

[Event "Top 16 Groupe A"]
[Site "Chartres, France"]
[Date "2024.05.30"]
[Round "1.29"]
[White "Sochacki, Christophe"]
[Black "Kunin, Vitaly"]
[Result "1-0"]
[WhiteElo "2449"]
[BlackElo "2522"]
[PlyCount "101"]
[EventDate "2024.??.??"]

1. e4 {4} c5 {110} 2. Nf3 {10} Nc6 {35} 3. Bb5 {69} d6 {43} 4. O-O {37} Bd7 {6}
5. Re1 {22} Nf6 {10} 6. c3 {24} a6 {8} 7. Bf1 {12} Bg4 {10} 8. d4 {19} cxd4 {60
} 9. cxd4 {6} d5 {83} 10. e5 {18} Ne4 {63} 11. h3 {1124} Bh5 {91} 12. e6 {1433}
fxe6 {67} 13. Nc3 {16} Nxc3 {1395} 14. bxc3 {76} e5 {7} 15. g4 {438} Bf7 {79}
16. Nxe5 {289} Nxe5 {29} 17. Rxe5 {4} e6 {25} 18. Rb1 {482} Bd6 {191} 19. Ba3 {
309} b5 {354} 20. Bxd6 {35} Qxd6 {8} 21. a4 {8} O-O {13} 22. axb5 {8} axb5 {6}
23. Rxb5 {217} Ra3 {291} 24. Rb3 {164} Ra2 {290} 25. Qe1 {46} Kh8 {128} 26. Re2
{342} Ra3 {556} 27. Reb2 {38} Rxb3 {548} 28. Rxb3 {2} Bg8 {12} 29. Kg2 {272}
Rf4 {87} 30. Bd3 {57} Qf8 {189} 31. Rb2 {37} h6 {346} 32. Qe5 {95} Rf6 {22} 33.
h4 {206} Rf3 {307} 34. Qe2 {110} Rf4 {28} 35. f3 {56} Qc8 {449} 36. Rb3 {51}
Rf7 {67} 37. Qe5 {87} Qa8 {272} 38. Rb8 {70} Qa2+ {8} 39. Be2 {56} Rf6 {154}
40. g5 {36} Rg6 {127} 41. f4 {44} hxg5 {278} 42. hxg5 {524} Qc2 {94} 43. Kf2 {
12} Qc1 {180} 44. Rc8 {291} Kh7 {165} 45. f5 {117} Kh8 {135} 46. Qh2+ {36} Rh6
{7} 47. gxh6 {5} Qg5 {35} 48. hxg7+ {48} Kxg7 {5} 49. Qe5+ {13} Kh6 {28} 50.
Qh8+ {8} Bh7 {7} 51. Qf8+ {3} 1-0

[Event "Top 16 Groupe A"]
[Site "CHARTRES, France"]
[Date "2024.05.31"]
[Round "2.2"]
[White "Sankalp Gupta"]
[Black "Postny, Evgeny"]
[Result "1/2-1/2"]
[WhiteElo "2531"]
[BlackElo "2600"]
[PlyCount "101"]
[EventDate "2024.??.??"]

1. Nf3 {2} d5 {21} 2. g3 {15} c6 {44} 3. Bg2 {3} Bg4 {4} 4. O-O {24} Nf6 {10}
5. d4 {60} e6 {17} 6. h3 {169} Bf5 {121} 7. c4 {98} Be7 {19} 8. Nc3 {162} h6 {
81} 9. Qb3 {26} Qb6 {43} 10. c5 {21} Qa6 {121} 11. Re1 {542} b6 {40} 12. cxb6 {
25} axb6 {89} 13. Ne5 {4} O-O {152} 14. Bf4 {867} Qb7 {1714} 15. Rac1 {205} b5
{678} 16. a4 {703} b4 {138} 17. e4 {563} dxe4 {290} 18. Nxe4 {59} Nd5 {15} 19.
Nc5 {176} Qa7 {255} 20. Ncd7 {1316} Nxd7 {643} 21. Nxc6 {4} Qxa4 {12} 22. Bxd5
{11} Bf6 {31} 23. Qxa4 {20} Rxa4 {4} 24. Bb3 {6} Raa8 {64} 25. g4 {33} Bg6 {402
} 26. Bd6 {71} Rfc8 {322} 27. Bxb4 {46} Kh7 {216} 28. Bd2 {161} Ra6 {195} 29.
Ne5 {122} Rxc1 {24} 30. Bxc1 {5} Nxe5 {191} 31. dxe5 {2} Be7 {102} 32. Bc4 {14}
Ra4 {64} 33. b3 {124} Ra2 {38} 34. Kg2 {20} Bb4 {199} 35. Re2 {38} Ra1 {36} 36.
Bd2 {53} Be7 {6} 37. Re1 {154} Ra2 {10} 38. Be3 {4} Bb4 {25} 39. Re2 {382} Ra1
{6} 40. Bd2 {63} Be7 {10} 41. Bc3 {22} Rc1 {101} 42. Ba5 {482} Bc5 {342} 43.
Bd2 {359} Rb1 {73} 44. h4 {453} h5 {50} 45. gxh5 {34} Bf5 {20} 46. Re1 {164}
Rb2 {19} 47. Be3 {2} Bxe3 {585} 48. Rxe3 {1} Kh6 {8} 49. Rg3 {210} Rb1 {154}
50. Bd3 {404} Rxb3 {172} 51. Bxf5 {3} 1/2-1/2

[Event "Top 16 Groupe A"]
[Site "CHARTRES, France"]
[Date "2024.05.31"]
[Round "2.4"]
[White "Albornoz Cabrera, Carlos Daniel"]
[Black "Bailet, Pierre"]
[Result "1/2-1/2"]
[WhiteElo "2610"]
[BlackElo "2491"]
[PlyCount "122"]
[EventDate "2024.??.??"]

1. e4 {1} e5 {14} 2. Nf3 {4} Nc6 {9} 3. Bb5 {4} Nf6 {27} 4. d3 {5} Bc5 {9} 5.
O-O {5} Nd4 {58} 6. Nxd4 {5} Bxd4 {4} 7. c3 {5} Bb6 {6} 8. Ba4 {3} c6 {45} 9.
Na3 {4} d6 {13} 10. Bc2 {101} O-O {358} 11. Bg5 {5} h6 {7} 12. Bh4 {3} g5 {208}
13. Bg3 {4} Bg4 {10} 14. Qd2 {277} Be6 {369} 15. Bd1 {408} Nd7 {1582} 16. d4 {
1461} Qf6 {1062} 17. Nc2 {442} d5 {20} 18. exd5 {182} cxd5 {163} 19. dxe5 {622}
Nxe5 {8} 20. Bxe5 {22} Qxe5 {9} 21. Re1 {32} Qf6 {96} 22. Nd4 {31} a5 {506} 23.
Bc2 {261} Bxd4 {257} 24. cxd4 {78} Rfc8 25. Re5 {395} Rc4 {277} 26. Bd3 {167}
Rb4 {190} 27. a3 {163} Rb6 {9} 28. Rc1 {167} Rc6 {298} 29. Rxc6 {175} bxc6 {5}
30. Qc3 {173} Rb8 {78} 31. Bc2 {343} c5 {469} 32. dxc5 {109} Rb5 {12} 33. Bd3 {
565} Rxc5 {58} 34. Rxg5+ {35} Qxg5 {21} 35. Qxc5 {2} Qd2 {79} 36. Qc3 {40} Qd1+
{24} 37. Bf1 {2} Bf5 {57} 38. Qf3 {200} Qxf3 {3} 39. gxf3 {3} Kf8 {54} 40. Bb5
{81} Ke7 {23} 41. Kf1 {51} Kd6 {36} 42. Ke2 {284} Kc5 {49} 43. Bd3 {74} Bd7 {
175} 44. Ke3 {61} d4+ {11} 45. Kd2 {826} f6 {74} 46. f4 {14} Be6 {54} 47. h4 {
85} Bd7 {65} 48. Bb1 {92} Be6 {35} 49. Bc2 {5} Bd7 {12} 50. Bb3 {25} Bf5 {38}
51. Bf7 {9} Bd7 {21} 52. Bg6 {17} Bb5 {40} 53. Bf5 {114} Bc4 {33} 54. Bd7 {26}
Ba6 {24} 55. b3 {159} Bb7 {272} 56. Bf5 {47} Bd5 {65} 57. Bc2 {7} Be6 {7} 58.
Bd1 {146} Bf5 {23} 59. Be2 {89} Be6 {7} 60. Bd1 {23} Bf5 {6} 61. Bc2 {84} Be6 {
6} 1/2-1/2